শ্রেষ্ঠ গল্প : (Record no. 2788)

MARC details
000 -LEADER
fixed length control field 00935nam a2200229 a 4500
003 - CONTROL NUMBER IDENTIFIER
control field BD-DhJNU
005 - DATE AND TIME OF LATEST TRANSACTION
control field 20260512042651.0
008 - FIXED-LENGTH DATA ELEMENTS--GENERAL INFORMATION
fixed length control field 260508s2020 bg |||g |||| 000 1|ben|d
020 ## - INTERNATIONAL STANDARD BOOK NUMBER
International Standard Book Number 9789848154021
040 ## - CATALOGING SOURCE
Original cataloging agency BD-DhJNU
Language of cataloging ben
Transcribing agency BD-DhJNU
Modifying agency BD-DhJNU
041 ## - LANGUAGE CODE
Language code of text/sound track or separate title ben
082 ## - DEWEY DECIMAL CLASSIFICATION NUMBER
Classification number 891.443 SHR
Edition number 23
245 10 - TITLE STATEMENT
Title শ্রেষ্ঠ গল্প :
Remainder of title বনফুল /
Statement of responsibility, etc. মিজানুর রহমান খান (সম্পাদক)
246 ## - VARYING FORM OF TITLE
Title proper/short title Shrestho golpo: Bonoful
250 ## - EDITION STATEMENT
Edition statement 1st ed.
260 ## - PUBLICATION, DISTRIBUTION, ETC.
Place of publication, distribution, etc. ঢাকা :
Name of publisher, distributor, etc. প্রতীক প্রকাশনা সংস্থা,
Date of publication, distribution, etc. 2020.
300 ## - PHYSICAL DESCRIPTION
Extent ৪৯৬ পৃ. :
Other physical details চিত্র ;
Dimensions ২৪ সেমি.।
650 ## - SUBJECT ADDED ENTRY--TOPICAL TERM
Topical term or geographic name entry element বাংলা ছোটগল্প -- ২০শ শতাব্দী
650 ## - SUBJECT ADDED ENTRY--TOPICAL TERM
Topical term or geographic name entry element Short stories, Bengali -- 20th century
700 a# - ADDED ENTRY--PERSONAL NAME
Personal name খান, মিজানুর রহমান
Relator term সম্পাদক
942 ## - ADDED ENTRY ELEMENTS (KOHA)
Koha item type Books
Holdings
Withdrawn status Lost status Source of classification or shelving scheme Damaged status Not for loan Collection Home library Current library Shelving location Date acquired Source of acquisition Total checkouts Full call number Barcode Date last seen Copy number Price effective from Koha item type
    Dewey Decimal Classification     Fiction Jagannath University Central Library Jagannath University Central Library General stacks 05/12/2026 Purchased   891.443 SHR JNUCL35576 05/12/2026 1 05/12/2026 Books